000 00590nam a2200205Ia 4500
005 20250923145120.0
008 008 250917s9999 xx 000 0 eng d
037 _aTextual
040 _aDSWL
_beng
_cDSWL
041 _aeng
_2eng
084 _aY:45-231, N66
_qDSWL
100 _aBalakrishna, K.
_9831928
245 0 _aPortrait of Bombay's underworld
_cby K. Balakrishna
260 _aBombay
_bManaktala & Sons Pvt .Ltd
_c1966
300 _axi,248p.
365 _aINR
_b4.00
925 _g4.00
942 _cTEXL
_hY:45-231, N66
999 _c1447303
_d1447303